=LDR 00000nam 2200000 4500 =001 INLIS000000000041126 =005 20130612150656 =008 ***********************************Ind** =035 ##$$0010-061300000041126 =041 ##$$a Ind =082 ##$$a 658.81 =090 ##$$a 658.81 , Bet b =100 ##$$a BETTGER, Frank =245 ##$$a Bagaimana Saya Meningkatkan penghasilan dan kebahagiaan dalam menjual , Frank Bettger; Alih bahasa, Anton Adiwiyoto =260 ##$$a 1996 $b Jakarta =300 ##$$a 267hlm , 25 cm =650 ##$$a MANAJEMEN PENJUALAN =700 ##$$a ADIWIYOTO, Anton =850 ##$$a NBPNMAT